Losowe kraje #1 - Statystyki

Ogólne statystyki
  • Ten quiz został rozwiązany 34 razy
  • Średni wynik to 11 z 16
Statystyki odpowiedzi
Obrazkowy Odpowiedź % Poprawnych
Kanada
93%
Japonia
90%
Grecja
83%
Monako
76%
Stany Zjednoczone
76%
Nepal
72%
Włochy
72%
Maroko
69%
Turcja
69%
Indie
66%
Katar
66%
Kenia
59%
Mjanma
48%
Nauru
41%
Republika Środkowoafrykańska
41%
Samoa
31%
Nie znaleziono quizów pasujących do podanych kryteriów
Rozkład punktacji
Procent ludzi z każdym wynikiem
Percentyl według liczby udzielonych odpowiedzi
Twoja historia wyników
Nie rozwiązałeś tego quizu